000 00536nam a2200193 ar4500
001 3350
005 20221127090730.0
008 130610s xxu 0001f|eng d
020 _a0345490525(pbk)
082 0 4 _a813.54
_bB791 2006
100 1 _aBrooks, Terry.
245 1 0 _aHigh druid of Shannara.
_pStraken /
_cTerry Brooks.
246 1 _aStraken.
260 _aNew York :
_bDel Rey Book,
_c2006.
300 _a410 p. ;
_c18 cm.
500 _aPrev. ed. : 2005
650 4 _aAmerican fiction
_y20th century.
650 4 _aFantasy fiction.
999 _c3348
_d3348